| 000 | 01073cab a22002055a 4500 | ||
|---|---|---|---|
| 001 | L155080 | ||
| 008 | 120228e20120224xxk 000 0 eng d | ||
| 035 | _a(Sirsi) u155080 | ||
| 041 | 0 | _aeng | |
| 100 | 1 | _aStewart, Sarah | |
| 245 | 0 | 0 |
_aMarkets _bThames Valley and Swindon |
| 260 | _c2012 | ||
| 490 | 0 |
_aProperty Week _v78(08) 24 February 2012, 45- 56(5) |
|
| 520 | _aCisco Systems breaks leases on two of its unoccupied buildings at Green Park in Reading. Reading's Station Hill developers, Sackville Developments and LaSalle, have produced separate but complimentary planning applications. Criterion Capital, owners of two Slough shopping centres, Queensmere and Observatory, are looking to merge them into one. Hammerson is considering enlarging its Reading Oracle Shopping Centre by introducing floating trading space. Segro is to build 1.3m sq ft of offices for data companies and online retailers at its flagship Slough Trading Estate. | ||
| 590 | _aKA | ||
| 651 | 4 | _aThames Valley | |
| 651 | 4 | _aSwindon | |
| 690 |
_aCommercial property _96227 |
||
| 942 | _n0 | ||
| 999 |
_c83806 _d83806 |
||